| 000 | 00436cam a2200157ua 4500 | ||
|---|---|---|---|
| 999 |
_c10347 _d10347 |
||
| 003 | OSt | ||
| 008 | 180831b ||||| |||| 00| 0 eng d | ||
| 082 |
_a621.3 _bTHE/FU |
||
| 100 |
_aTheraja, B L. _93294 |
||
| 245 | _a /Fundamentals of electrical engineering and electronics | ||
| 250 | _a27 / | ||
| 260 |
_aNew Delhi : _bNirja construction and development Co. Pvt Ltd , _c1992. |
||
| 300 | _a880 ; . | ||
| 500 | _a*CSS | ||
| 942 | _cBK | ||